LEADER 01574nam a2200265 i 4500 001 000000032169 003 CaOOAMICUS 005 20230331120232.0 008 180830s17021703it u000 u ita u 040 $aSeMil$bita 100 1 $aAgnelli, Giuseppe,$c.$0(OLS)http://semarc/name/14851 245 13$aIl verisimile finto nel vero pensieri suggeriti dal direttore ad una religiosa novizia scontenta, per disporla alla solenne professione. Raccolti per uso opportuno di meditazioni nel Triduo, ... da Gioseppe Agnelli ... Libro primo [-2.]. 260 $aIn Roma :$bNella Nuova Stamperia di Giorgio Placho intagliatore, e gettatore di caratteri alla Piazza della Chiesa di San Marco,$c1702-1703. 300 $a2 v. ;$c4°. 500 $aEmblema dei Gesuiti sui front. 500 $aTesto su due colonne 500 $aIniz., fregi xilogr. 500 $aCors. ; rom. 650 4$aNoviziato.$0(OLS)http://semarc/subject/5171 700 1 $aPlacho, Giorgio,$c.$0(OLS)http://semarc/name/14852 774 0 $tLibro 1.$g1$w()243469 774 0 $tLibro 2.$g2$w()243470 996 $6245$aIl verisimile finto nel vero pensieri suggeriti dal direttore ad una religiosa novizia scontenta, per disporla alla solenne professione. Raccolti per uso opportuno di meditazioni nel Triduo, ... da Gioseppe Agnelli ... Libro primo [-2.]$9(OLS)http://semarc/title/43651 996 $6260$aIn Roma :$bNella Nuova Stamperia di Giorgio Placho intagliatore, e gettatore di caratteri alla Piazza della Chiesa di San Marco$9(OLS)http://semarc/publisher/39202 LEADER 01056nam a2200217 i 4500 001 000000205252 003 CaOOAMICUS 005 20110818000000.0 008 110818s1835 it u000 u ita u 013 $a183988 040 $aSeMil$bita 100 1 $aNerva, Carlo.$0(OLS)http://semarc/name/73890 245 13$aIl matrimonio per isbaglio, commedia nuovissima in tre atti :$bcon farsa in un atto /$cdi Carlo Nerva da Vercelli. 260 $aTorino :$bCoi tipi di Alessandro Fontana,$c1835. 300 $a94 p. ;$c19 cm. 500 $aCon annesso : Frontino marito celibe : commedia in un atto / del signor Eugenio Scribe tradotta dallo stesso. 700 1 $aScribe, Eugène,$d<1791-1861>.$0(OLS)http://semarc/name/12052 850 $aSeMil 852 $aSeMil$W1$xVenegono$y1$m1I V 20 FA$j155746$B155746$CSeMilBibl$Z2$F167083 $8I 996 $6245$aIl matrimonio per isbaglio, commedia nuovissima in tre atti :$bcon farsa in un atto$9(OLS)http://semarc/title/297114 996 $6260$aTorino :$bCoi tipi di Alessandro Fontana$9(OLS)http://semarc/publisher/51999